| 000 | 01093nam2a2200265 4500 | ||
|---|---|---|---|
| 001 | RU\NLR\bibl\1140570 | ||
| 005 | 20250615073740.0 | ||
| 010 | _a5-7429-0211-5 | ||
| 021 |
_aRU _b2007-61947 _93308 |
||
| 035 | _a(NLR Aleph) 001127432 | ||
| 090 |
_a1336459 _c1336459 |
||
| 100 | _a20071016d2007 |||y0rusy50 ca | ||
| 101 | 0 | _arus | |
| 102 | _aRU | ||
| 105 | _ay ||||||||| | ||
| 200 | 0 | _aЧ. 2 | |
| 210 |
_d2007 _aБ. м. |
||
| 215 | _a119,[1] с. | ||
| 320 | _aБиблиогр.: с. 117-120 | ||
| 461 | 0 |
_1001RU\NLR\bibl\1152620 _12001#$aСвященное Писание Нового Завета. Апостол$vЧ. 2 _91408115 _aУляхин, В. _cМосква _d2007 _fиерей Валентин Уляхин _nИзд-во Православного Свято-Тихоновского гуманитарного университета _o[курс лекций. 1993-2000 г.г.] _tСвященное Писание Нового Завета. Апостол _vЧ. 2 |
|
| 801 | 0 |
_aRU _bNLR _c20071016 _gRCR |
|
| 801 | 1 |
_aRU _bNLR _c20071016 |
|
| 942 | _cBOOK | ||
| 980 | _aNB | ||